Datum a čas kvízu

27.5 Celkem bodů Celkový počet nahraných bodů na tomto kvízu bez doplňovacích otázek.
5. Pořadí na kvízu Konečné umístění týmu na tomto kvízu.

Zaznamenané odpovědi

# Otázka Odpověď Body Výsledky
1. Minulý týden se stalo hitem so... (Ford) Mustang, žlutá barva 0.5
2. Minulý týden došlo v USA ke zř... Baltimore 1
3. Pondělní vyřizování účtů mezi... Aleš Bejr 0
4. Minulý týden si žena na severu... s bambulí (od čepice) 0
5. Český snowboardista Radek Hous... obarvit se na blond 1
6. Věříme, že ovládáte velkou pal... Drahá vlasti 1
7. Zhruba 56 tisíc lidí obývá ost... Grónsko 0
8. Vyberte zemi, jejíž zkratka ná... C 1
9. Švýcarsko má čtyři úřední jazy... 1A 2B 3C 4D 0
10. Caerdydd je alternativní název... Cardiff 1